Habsbourg et Ottomans : (1520-1918)

Bibliographische Detailangaben
1. Verfasser: Bérenger, Jean 1934- (VerfasserIn)
Format: Buch
Sprache:French
Veröffentlicht: Paris : Honoré Champion éditeur, 2015
Mit dem übergeordneten Werk verknüpfte Titel:Collection Essais 42
Zugriff auf das übergeordnete Werk:Collection Essais
Schlagworte:Österreich Osmanisches Reich Geschichte 1520-1918 Europa Habsburger Osmanen
Umfang:359 Seiten
LEADER 01000cam a2200265 c 4500
001 1617911321
003 DE-627
005 20260411034633.0
007 tu
008 160104s2015 fr ||||| 00| ||fre c
016 7 |a 824885325  |2 DE-101 
020 |a 9782745328748  |9 978-2-7453-2874-8 
020 |a 2745328743  |9 2-7453-2874-3 
024 3 |a 9782745328748 
035 |a (DE-627)1617911321 
035 |a (DE-603)363966803 
035 |a (DE-576)453756697 
035 |a (DE-599)BVBBV042547215 
035 |a (OCoLC)921587468 
035 |a (OCoLC)921587468 
035 |a (OCoLC)919605990 
035 |a (DE-604)BV042547215 
035 |a (ZDB-21-EIL)3052275 
040 |a DE-627  |b ger  |c DE-627  |e rda 
041 |a fre 
044 |c XA-FR 
050 0 |a D 
082 0 |a 909 
082 0 |a 940  |2 14 
084 |a 8  |a 8,1  |2 ssgn 
084 |a NK 7700  |2 rvk  |0 (DE-625)rvk/126244: 
084 |a 15.60  |2 bkl 
084 |a 15.68  |2 bkl 
100 1 |a Bérenger, Jean  |d 1934-  |e verfasserin  |0 (DE-588)12014896X  |0 (DE-627)080479243  |0 (DE-576)16031058X  |4 aut 
245 1 0 |a Habsbourg et Ottomans  |b (1520-1918)  |c Jean Bérenger 
264 1 |a Paris  |b Honoré Champion éditeur  |c 2015 
300 |a 359 Seiten  |b 1 Karte  |c 20 cm 
336 |a Text  |b txt  |2 rdacontent 
337 |a ohne Hilfsmittel zu benutzen  |b n  |2 rdamedia 
338 |a Band  |b nc  |2 rdacarrier 
490 1 |a Champion Essais  |v 42 
500 |a Literaturverzeichnis Seite [335] - 338 
583 1 |a Archivierung prüfen  |c 20260411  |f DE-4165  |z 1  |2 pdager 
600 1 4 |a Habsburger <Familie> 
600 1 4 |a Osmanen 
648 7 |a Geschichte 1520-1918  |2 gnd 
648 4 |a Geschichte 1520-1918 
651 7 |0 (DE-588)4043271-3  |0 (DE-627)10420317X  |0 (DE-576)209054964  |a Österreich  |2 gnd 
651 7 |0 (DE-588)4075720-1  |0 (DE-627)10471350X  |0 (DE-576)209199148  |a Osmanisches Reich  |2 gnd 
651 4 |a Europa 
651 4 |a Österreich 
651 4 |a Osmanisches Reich 
689 0 0 |D g  |0 (DE-588)4043271-3  |0 (DE-627)10420317X  |0 (DE-576)209054964  |a Österreich  |2 gnd 
689 0 1 |D g  |0 (DE-588)4075720-1  |0 (DE-627)10471350X  |0 (DE-576)209199148  |a Osmanisches Reich  |2 gnd 
689 0 2 |A z  |2 gnd  |a Geschichte 1520-1918 
689 0 |5 (DE-627) 
689 1 0 |D g  |0 (DE-588)4015701-5  |0 (DE-627)104289007  |0 (DE-576)208913092  |a Europa  |2 gnd 
689 1 1 |D p  |0 (DE-588)118544233  |0 (DE-627)079342825  |0 (DE-576)208945474  |a Habsburger  |c Dynastie : 1200-  |2 gnd 
689 1 2 |D p  |0 (DE-588)118747797  |0 (DE-627)694912093  |0 (DE-576)209398566  |a Osmanen  |2 gnd 
689 1 3 |A z  |2 gnd  |a Geschichte 1520-1918 
689 1 |5 (DE-627) 
787 0 8 |i Rezensiert in  |w (DE-603)474500659 
830 0 |a Collection Essais  |v 42  |9 42  |w (DE-627)631495681  |w (DE-576)327011718  |w (DE-600)2563822-1  |x 2105-4606  |7 am 
856 4 2 |u http://www.sehepunkte.de/2016/02/27624.html  |m V:DE-576;X:Sehepunkte  |q text/html  |v 20180419093529  |3 Rezension  |7 1 
856 4 2 |u https://scans.hebis.de/HEBCGI/show.pl?36396680_toc.pdf  |m V:DE-605;X:Imageware  |q application/pdf  |3 Inhaltsverzeichnis  |7 1 
889 |w (DE-627)824885325 
912 |a GBV_ILN_11 
912 |a ISIL_DE-1a 
912 |a SYSFLAG_1 
912 |a GBV_KXP 
912 |a GBV_ILN_22 
912 |a ISIL_DE-18 
912 |a GBV_ILN_24 
912 |a ISIL_DE-8 
912 |a GBV_ILN_24_f040 
912 |a GBV_ILN_39 
912 |a ISIL_DE-547 
912 |a GBV_ILN_50 
912 |a ISIL_DE-23 
912 |a GBV_ILN_61 
912 |a ISIL_DE-32 
912 |a GBV_ILN_350 
912 |a ISIL_DE-2795 
912 |a GBV_ILN_350_ 
912 |a GBV_ILN_2003 
912 |a ISIL_DE-25 
912 |a GBV_ILN_2008 
912 |a ISIL_DE-24 
912 |a GBV_ILN_2010 
912 |a ISIL_DE-15 
912 |a GBV_ILN_2011 
912 |a ISIL_DE-16 
912 |a GBV_ILN_2030 
912 |a ISIL_DE-77-004 
912 |a GBV_ILN_2164 
912 |a ISIL_DE-Tue126 
912 |a GBV_ILN_2570 
912 |a ISIL_DE-364 
935 |i mdedup 
936 r v |a NK 7700  |b Geschichte der Beziehungen fremder Staaten und Regionen  |k Geschichte  |k Weltgeschichte, Darstellungen Allgemeine Geschichte einzelner Staaten und Völker Teilgebiete der Geschichte, Sammelwerke  |k Geschichte der internationalen Beziehungen  |k Geschichte der Beziehungen fremder Staaten und Regionen  |0 (DE-627)1271341298  |0 (DE-625)rvk/126244:  |0 (DE-576)201341298 
936 b k |a 15.60  |j Schweiz  |j Österreich-Ungarn  |j Österreich  |x Geschichte  |0 (DE-627)181571633 
936 b k |a 15.68  |j Türkei  |x Geschichte  |0 (DE-627)181570319 
951 |a BO 
953 |2 045F  |a 909  |u https://www.gbv.de/dms/ddc/909.pdf 
953 |2 045F  |a 940  |u https://www.gbv.de/dms/ddc/940.pdf 
980 |2 11  |1 00  |x DE-1a  |y UFa-osm 
980 |2 11  |1 01  |x 0001  |b 1597399108  |c 00  |f 2  |d 1 A 959701  |e u  |j --%%--  |y k  |z 30-09-16 
980 |2 22  |1 01  |x 0018  |b 1570052999  |c 00  |f SUB  |d A/670454  |e u  |j --%%--  |y zu  |z 13-01-16 
980 |2 24  |1 01  |x 0008  |b 1622334825  |c 00  |f 8/40  |d O VII 605/17  |e i  |j --%%--  |h ha  |y zf040  |z 24-06-16 
980 |2 39  |1 01  |x 547/039  |b 176659817X  |c 00  |f FBG MAG  |d A 25317 (42)  |e u  |j --%%--  |c 05  |f --%%--  |d Forschungsbibliothek Gotha  |e --%%--  |j --%%--  |y zgt5  |z 29-05-18 
980 |2 50  |1 01  |x 0023  |b 1602381488  |c 00  |f --%%--  |d 66.1475  |e u  |j --%%--  |h Kulturtransfer  |k Beschafft aus Mitteln der Carl Friedrich von Siemens Stiftung  |y k  |z 15-02-16 
980 |2 61  |1 01  |x 0032  |b 1615319271  |c 00  |f MAG  |d 301829 - A  |e u  |j --%%--  |c 19  |f --%%--  |d NK 7502 B488  |e --%%--  |j --%%--  |y z  |z 31-08-16 
980 |2 350  |1 01  |x 8293  |b 1553164075  |c 00  |f MAG2  |d Hsa 750  |e i  |j --%%--  |y z  |z 15-07-15 
980 |2 2003  |1 01  |x DE-25  |b 3212041706  |c 00  |f --%%--  |d GE 2016/724  |e --%%--  |j --%%--  |y l01  |z 04-01-16 
980 |2 2008  |1 01  |x DE-24  |b 3212041803  |c 00  |f --%%--  |d 66/12707  |e --%%--  |j --%%--  |c 01  |f Freihand  |d NK 7700 66/12707  |e --%%--  |j --%%--  |y l01  |z 23-08-16 
980 |2 2010  |1 01  |x DE-15  |b 3212041889  |c 00  |f --%%--  |d --%%--  |e --%%--  |j --%%--  |y l01  |z 18-05-16 
980 |2 2011  |1 01  |x DE-16  |b 3212041935  |c 00  |f --%%--  |d 2016 A 6450  |e --%%--  |j --%%--  |y l01  |z 11-05-16 
980 |2 2030  |1 01  |x DE-77-004  |b 4892980773  |c 00  |f Standort Mittlere und Neuere Geschichte  |d Bu 81  |e --%%--  |j n  |y l01  |z 04-11-15 
980 |2 2164  |1 01  |x DE-Tü126  |b 321204196X  |c 00  |f --%%--  |d 4 A 192  |e --%%--  |j --%%--  |y l01  |z 23-01-17 
980 |2 2570  |1 01  |x DE-364  |b 4818880558  |c 00  |f --%%--  |d 2017.1285  |e --%%--  |j --%%--  |y l01  |z 02-12-25 
983 |2 39  |1 00  |x DE-547  |8 01  |a NK 7700 
983 |2 50  |1 00  |x DE-23  |8 00  |a Kulturtransfer 02.01.07 - Österreich 
983 |2 50  |1 00  |x DE-23  |8 00  |a Kulturtransfer 02.01.12 - Türkei 
983 |2 50  |1 00  |x DE-23  |8 00  |a Kulturtransfer 03.02.03 - Frühe Neuzeit 
983 |2 50  |1 00  |x DE-23  |8 00  |a Kulturtransfer 03.02.04 - Neuere und neueste Geschichte 
983 |2 50  |1 00  |x DE-23  |8 00  |a Kulturtransfer 03.11 - Kulturwissenschaft 
983 |2 50  |1 00  |x DE-23  |8 00  |a Kulturtransfer 04.03 - Frühe Neuzeit 
983 |2 50  |1 00  |x DE-23  |8 00  |a Kulturtransfer 04.04 - Neuere und neueste Geschichte 
983 |2 50  |1 00  |x DE-23  |8 00  |a Kulturtransfer 05.100 - Osmanisches Reich 
984 |2 11  |1 01  |x 0001  |a 162376322010 
984 |2 22  |1 01  |x 0018  |a 945726247 
984 |2 39  |1 01  |x 547/039  |a 547$140017321 
984 |2 50  |1 01  |x 0023  |a 23$13707620 
984 |2 61  |1 01  |x 0032  |a 32$0534090X 
984 |2 350  |1 01  |x 8293  |a 9782745328748 
984 |2 2011  |1 01  |x DE-16  |a 105043625 
985 |2 24  |1 01  |x 0008  |a 546/2016 
985 |2 39  |1 01  |x 547/039  |a 39-A 25317 (42) 
985 |2 39  |1 01  |x 547/039  |a 2018060338 
985 |2 50  |1 01  |x 0023  |a 66/001475 
985 |2 61  |1 01  |x 0032  |a 2016/06176 
985 |2 350  |1 01  |x 8293  |a 2015/1389 
985 |2 2164  |1 01  |x DE-Tü126  |a 17-26 
985 |2 2570  |1 01  |x DE-364  |a 2017.01285 K 
995 |2 24  |1 01  |x 0008  |a ha 
995 |2 50  |1 01  |x 0023  |a Kulturtransfer 
998 |2 2003  |1 01  |x DE-25  |0 1607  |f 39a 
998 |2 2164  |1 01  |x DE-Tü126  |0 1701